<?xml version="1.0" encoding="UTF-8"?><?xml-stylesheet type="text/xsl" href="static/style.xsl"?><OAI-PMH xmlns="http://www.openarchives.org/OAI/2.0/" xmlns:xsi="http://www.w3.org/2001/XMLSchema-instance" xsi:schemaLocation="http://www.openarchives.org/OAI/2.0/ http://www.openarchives.org/OAI/2.0/OAI-PMH.xsd"><responseDate>2026-04-18T01:10:56Z</responseDate><request verb="GetRecord" identifier="oai:www.recercat.cat:20.500.12327/1573" metadataPrefix="marc">https://recercat.cat/oai/request</request><GetRecord><record><header><identifier>oai:recercat.cat:20.500.12327/1573</identifier><datestamp>2025-10-22T11:19:33Z</datestamp><setSpec>com_2072_4428</setSpec><setSpec>com_2072_4427</setSpec><setSpec>col_2072_487898</setSpec></header><metadata><record xmlns="http://www.loc.gov/MARC21/slim" xmlns:dcterms="http://purl.org/dc/terms/" xmlns:xsi="http://www.w3.org/2001/XMLSchema-instance" xmlns:doc="http://www.lyncode.com/xoai" xsi:schemaLocation="http://www.loc.gov/MARC21/slim http://www.loc.gov/standards/marcxml/schema/MARC21slim.xsd">
   <leader>00925njm 22002777a 4500</leader>
   <datafield ind2=" " ind1=" " tag="042">
      <subfield code="a">dc</subfield>
   </datafield>
   <datafield ind2=" " ind1=" " tag="720">
      <subfield code="a">Meléndez, Daniela M.</subfield>
      <subfield code="e">author</subfield>
   </datafield>
   <datafield ind2=" " ind1=" " tag="720">
      <subfield code="a">Marti, Sonia</subfield>
      <subfield code="e">author</subfield>
   </datafield>
   <datafield ind2=" " ind1=" " tag="720">
      <subfield code="a">Faucitano, Luigi</subfield>
      <subfield code="e">author</subfield>
   </datafield>
   <datafield ind2=" " ind1=" " tag="720">
      <subfield code="a">Haley, Derek B.</subfield>
      <subfield code="e">author</subfield>
   </datafield>
   <datafield ind2=" " ind1=" " tag="720">
      <subfield code="a">Schwinghamer, Timothy D.</subfield>
      <subfield code="e">author</subfield>
   </datafield>
   <datafield ind2=" " ind1=" " tag="720">
      <subfield code="a">Schwartzkopf-Genswein, Karen S.</subfield>
      <subfield code="e">author</subfield>
   </datafield>
   <datafield ind2=" " ind1=" " tag="260">
      <subfield code="c">2021-03-25</subfield>
   </datafield>
   <datafield ind2=" " ind1=" " tag="520">
      <subfield code="a">Lactate is a product of anaerobic glycolysis, used in animal research as an indicator of muscle fatigue. Therefore, it has been used as an indicator of cattle response to long distance transportation. The aim of this study was to assess the relationship of L-lactate concentrations measured using a Lactate Scout+ analyzer and a traditional lactate assay colorimetric kit. Blood samples were collected by venipuncture from 96 steers (Black or Red Angus × Hereford/Simmental and Black or Red Angus × Charolais; 247 ± 38.2 kg BW) prior to loading (LO1) and after 36 h of transport, and prior to reloading and after an additional 4 h of road transportation, and on d 1, 2, 3, 5, 14, and 28 after transport. The Lactate Scout+ analyzer strip was dipped in blood at the time of sampling, while blood samples were collected into sodium fluoride tubes for use in the colorimetric analysis. Pearson correlations were calculated to assess the strength of the relationship between the experimental methods for the quantification of L-lactate concentrations. The magnitude and direction of the correlation, and the level of statistical significance varied over the observed time points, ranging from r = −0.03 (p = 0.75; LO1) to r = 0.75 (p &lt; 0.0001; d 3). The correlation for the pooled data was weak but statistically significant (r = 0.33, p &lt; 0.0001). Based on the low magnitude of the correlation due to variability across sampling time points in this study, the Lactate Scout+ analyzer is not a suitable alternative to a lab-based assay (considered the gold standard) for measuring L-lactate in transported cattle.</subfield>
   </datafield>
   <datafield ind1="8" ind2=" " tag="024">
      <subfield code="a">Meléndez, Daniela M., Sonia Marti, Luigi Faucitano, Derek B. Haley, Timothy D. Schwinghamer, and Karen S. Schwartzkopf-Genswein. 2021. "Correlation Between L-Lactate Concentrations In Beef Cattle, Obtained Using A Hand-Held Lactate Analyzer And A Lactate Assay Colorimetric Kit". Animals 11 (4): 926. doi:10.3390/ani11040926.</subfield>
   </datafield>
   <datafield ind1="8" ind2=" " tag="024">
      <subfield code="a">2076-2615</subfield>
   </datafield>
   <datafield ind1="8" ind2=" " tag="024">
      <subfield code="a">http://hdl.handle.net/20.500.12327/1573</subfield>
   </datafield>
   <datafield ind1="8" ind2=" " tag="024">
      <subfield code="a">https://doi.org/10.3390/ani11040926</subfield>
   </datafield>
   <datafield ind2="0" ind1="0" tag="245">
      <subfield code="a">Correlation between L-Lactate Concentrations in Beef Cattle, Obtained Using a Hand-Held Lactate Analyzer and a Lactate Assay Colorimetric Kit</subfield>
   </datafield>
</record></metadata></record></GetRecord></OAI-PMH>